000 00615nam a22002177a 4500
003 LC
005 20160322100903.0
008 121115t xxu||||| |||| 00| 0 eng d
020 _a9780439424691
050 _aPZ 7
_b.G855 2001
082 _aFIC
_bG87d 2001
100 _aGriffiths, Andy
_920113
245 _aThe day my butt went psycho! :
_cAndy Griffiths.
_bbased on a true story /
260 _aNew York :
_bScholastic,
_c2001.
300 _a220 p. ;
_c20 cm.
650 _aJoke book
_920114
650 _aButtocks -- Juvenile fiction.
650 _aHumorous stories.
942 _2lcc
_cBK
999 _c11393
_d11393